000 00880nam0a22002651 4500
001 rc\598044
005 20250621180134.0
035 _a(NLR Aleph) 005842584
090 _a5694775
_c5694775
100 _a20031121d1986 |||y0rusy50 ca
101 0 _arus
102 _aRU
105 _aa |||||||||
200 1 _aРешение задач оптимального управления в системе ДИСО
210 _aМ.
_cВЦ АН СССР
_d1986
215 _a65, [1] с.
_cил.
_d22
225 1 _aСообщения по прикладной математике
_fАН СССР, ВЦ
320 _aБиблиогр.: с. 64-65 (18 назв.)
700 1 _aГрачев
_bН.И.
_gНиколай Иванович
701 1 _aФильков
_bА.Н.
801 0 _aRU
_bNLR
_gpsbo
801 1 _aRU
_bELAR
_2rusmarc
852 _aNLR
_j86-6/2144
942 _cBOOK
980 _aNB